Central Library OPAC University of Rajshahi

Indian lyrics / (Record no. 80694)

MARC details
000 -LEADER
fixed length control field 00736nam a2200217 a 4500
001 - CONTROL NUMBER
control field 80694
003 - CONTROL NUMBER IDENTIFIER
rucl marc code BD-RjUL
005 - DATE AND TIME OF LATEST TRANSACTION
control field 20221103092453.0
008 - FIXED-LENGTH DATA ELEMENTS--GENERAL INFORMATION
fixed length control field 221103s1884 ii 000 0 eng d
035 ## - SYSTEM CONTROL NUMBER
System control number (BD-RjUL)80694
040 ## - CATALOGING SOURCE
Original cataloging agency CU-A
Transcribing agency CU-A
Language of cataloging eng
Modifying agency BD-RjUL
041 ## - LANGUAGE CODE
Language code of text/sound track or separate title eng
082 ## - DEWEY DECIMAL CLASSIFICATION NUMBER
Edition number 23
Classification number 821
Author mark and year WEI 1884
100 1# - MAIN ENTRY--PERSONAL NAME
Personal name Webb, W. T.
Fuller form of name (William Trego),
Dates associated with a name 1847-1934.
9 (RLIN) 5673
245 10 - TITLE STATEMENT
Title Indian lyrics /
Statement of responsibility, etc. by W. Trego Webb.
260 ## - PUBLICATION, DISTRIBUTION, ETC. (IMPRINT)
Place of publication, distribution, etc. Calcutta ;
-- London :
Name of publisher, distributor, etc. Thacker, Spink ;
-- W. Thacker,
Date of publication, distribution, etc. 1884.
300 ## - PHYSICAL DESCRIPTION
Pagination xv, 232 p. ;
Size 19 cm.
650 ## - SUBJECT ADDED ENTRY--TOPICAL TERM
Topical term or geographic name as entry element English poetry
942 ## - ADDED ENTRY ELEMENTS (KOHA)
Source of classification or shelving scheme Dewey Decimal Classification
Koha item type Books
Holdings
Lost status Source of classification or shelving scheme Damaged status Not for loan Collection code Permanent Location Current Location Shelving location Date acquired Total Checkouts Full call number Date last seen Copy number Koha item type
  Dewey Decimal Classification   Not For Loan Non-fiction Central Library, University of Rajshahi Central Library, University of Rajshahi Reading Room 03/11/2022   821 WEI 1884 03/11/2022 C-1 Books